| 000 | 01143cam a22003737a 4500 | ||
|---|---|---|---|
| 003 | CHAP | ||
| 005 | 20220329141945.0 | ||
| 008 | 980930d1991 uk a r 00110 eng d | ||
| 010 | _a76264 | ||
| 011 | _a77236 | ||
| 020 | _a0 85236 216 1 | ||
| 035 | _a86839 | ||
| 040 | _cCHAP | ||
| 082 | 0 | 4 |
_a637.1 _bS5 1991 |
| 100 | 0 | 0 |
_aSlater, Ken. _9106858 |
| 245 | 1 | 4 |
_aThe principles of dairy farming _c/by Ken Slater |
| 250 | _a11 ed. | ||
| 260 |
_aIpswich, UK : _bFarming Press, _c1991. |
||
| 300 |
_a359 p. : _bilus. |
||
| 490 | 0 | _aBoletin de suelos | |
| 590 |
_aBATCH-UPD _b10 _c20130110 _lUCH01 _h0520 |
||
| 590 |
_aBATCH-UPD _b10 _c20130410 _lUCH01 _h0159 |
||
| 590 |
_aBATCH-UPD _b10 _c20130914 _lUCH01 _h0649 |
||
| 590 |
_aCONVERSION _b10 _c20130109 _lUCH01 _h1342 |
||
| 650 | 1 | 4 |
_aGanado lechero. _945237 |
| 650 | 1 | 4 |
_aGranjas lecheras. _950407 |
| 650 | 1 | 4 |
_aIndustria lechera. _957819 |
| 650 | 1 | 4 |
_aLeche _xProducción. _965400 |
| 830 | 0 | 0 |
_aBoletin de suelos _913501 |
| 901 | _aBK | ||
| 905 | _aAlejandra Carrasco M. | ||
| 942 | _cLIBRO | ||
| 949 |
_a637.1 S5 1991 _bBC _cLIBRO _d33724000700134 _eLIBRO _gI.193257 _h94301 _i86839 _si _t$352.00 |
||
| 999 |
_c76264 _d76264 |
||